Škótska sága. Diel 1 (Record no. 20620)
[ view plain ]
| 000 -LEADER | |
|---|---|
| fixed length control field | 01121nam a2200325 a 4500 |
| 001 - CONTROL NUMBER | |
| control field | 20620 |
| 003 - CONTROL NUMBER IDENTIFIER | |
| control field | VRT |
| 005 - DATE AND TIME OF LATEST TRANSACTION | |
| control field | 20260127154227.0 |
| 008 - FIXED-LENGTH DATA ELEMENTS--GENERAL INFORMATION | |
| fixed length control field | 130620s1978 xo 0 slo |
| 015 ## - NATIONAL BIBLIOGRAPHY NUMBER | |
| National bibliography number | SNBA1979 |
| 020 ## - INTERNATIONAL STANDARD BOOK NUMBER | |
| Terms of availability | (15000 výtl.) |
| 035 ## - SYSTEM CONTROL NUMBER | |
| System control number | SNK000057940 |
| 039 #9 - LEVEL OF BIBLIOGRAPHIC CONTROL AND CODING DETAIL [OBSOLETE] | |
| Level of rules in bibliographic description | 201306201603 |
| Level of effort used to assign nonsubject heading access points | VLOAD |
| 040 ## - CATALOGING SOURCE | |
| Original cataloging agency | SNK |
| Language of cataloging | slo |
| Transcribing agency | SNK |
| Description conventions | AACR2 |
| 041 0# - LANGUAGE CODE | |
| Language code of text/sound track or separate title | slo |
| 044 ## - COUNTRY OF PUBLISHING/PRODUCING ENTITY CODE | |
| MARC country code | xo |
| ISO country code | SK |
| 080 ## - UNIVERSAL DECIMAL CLASSIFICATION NUMBER | |
| Universal Decimal Classification number | 820 (411)-3 |
| Edition identifier | 1. stred. slo |
| 100 1# - MAIN ENTRY--PERSONAL NAME | |
| Personal name | Gibbon, Lewis Grassic, |
| Dates associated with a name | 1901-1935 |
| 245 1# - TITLE STATEMENT | |
| Title | Škótska sága. Diel 1 |
| Remainder of title | Pieseň zapadajúceho slnka |
| Statement of responsibility, etc. | Lewis Grassic Gibbon ; Miroslava Majerčíková, Ján Turan, Emil Bačík |
| 250 ## - EDITION STATEMENT | |
| Edition statement | 1. vyd. |
| 260 ## - PUBLICATION, DISTRIBUTION, ETC. | |
| Place of publication, distribution, etc. | Bratislava |
| Name of publisher, distributor, etc. | Pravda |
| Date of publication, distribution, etc. | 1978 |
| Place of manufacture | Bratislava |
| Manufacturer | Pravda |
| 300 ## - PHYSICAL DESCRIPTION | |
| Extent | 232 s., 14,20 AH |
| Other physical details | Noty. |
| Dimensions | 21 cm |
| 490 0# - SERIES STATEMENT | |
| Series statement | Vrcholné diela svetovej socialistickej literatúry |
| 500 ## - GENERAL NOTE | |
| General note | Členská knižnica Pravda. Ilustr. na front. Vysvet. Cena za 1. - 3. zv. 60 Kčs. |
| 700 1# - ADDED ENTRY--PERSONAL NAME | |
| Personal name | Majerčíková, Miroslava |
| Relationship | trl |
| 700 1# - ADDED ENTRY--PERSONAL NAME | |
| Personal name | Turan, Ján |
| Relationship | trl |
| 700 1# - ADDED ENTRY--PERSONAL NAME | |
| Personal name | Bačík, Emil, |
| Dates associated with a name | 1929-1999 |
| Relationship | gup |
| 942 ## - ADDED ENTRY ELEMENTS (KOHA) | |
| Source of classification or shelving scheme | Dewey Decimal Classification |
| Koha item type | Krásna literatúra pre dospelých |
| Suppress in OPAC | No |
| Stav vyradenia | Strata | Poškodenie | Spôsob nadobudnutia | Domovská knižnica | Aktuálna knižnica | Dátum nadobudnutia | Total checkouts | Čiarový kód exemplára | Date last seen | Typ exemplára |
|---|---|---|---|---|---|---|---|---|---|---|
| Dar | Obecná knižnica Horná Štubňa | Obecná knižnica Horná Štubňa | 27.01.2026 | 4736200723 | 27.01.2026 | Krásna literatúra pre dospelých |
